000 01940nam0a2200361 i 4500
001 RU\NLR\BIBL_A\010347699
005 20241115072548.0
010 _a9785919183228
_9150
021 _aRU
_b2014-13670
_9881
035 _a(NILC)RuMoRGB-006751762
035 _a(NLR Aleph) 010347699
090 _a10732120
_c10732120
100 _a20140425d2013 u y0rusy50 ca
101 0 _arus
102 _aRU
105 _aa|||j|||001yy
200 1 _aОсновы теории информации
_eучебное пособие
_eдля студентов, обучающихся по специальности 230701 "Прикладная информатика (по отраслям)"
_fЕ.В. Панкова, И.Ю. Пироженко, Н.О. Толстенева
_gКом. по культуре Санкт-Петербурга, СПб ГБОУ СПО "С.-Петерб. техникум библ. и информ. технологий"
210 _aСанкт-Петербург
_cРеноме
_d2013
215 _a119 с.
_cил.
_d20
300 _aНа 5-й с. авт.: Панкова Е.В., Пироженко И.Ю., кандидаты пед. наук, доценты, Толстенева Н.О., преп.
320 _aБиблиогр.: с. 115 (8 назв.)
606 _aИнформации теория
_jУчебные издания для высших учебных заведений
_92143003
_3RU\NLR\AUTH\661291418
675 _a519.72(075.8)
686 1 _aЗ811я73-1
700 1 _7ca
_8rus
_aПанкова
_bЕ. В.
_gЕлена Валериевна
_9229288
_3RU\NLR\AUTH\770229344
701 1 _aПироженко
_bИ. Ю.
_gИрина Юрьевна
701 1 _aТолстенева
_bН. О.
_gНадежда Олеговна
801 0 _aRU
_bRuMoRKP
_c20140303
_gRCR
801 2 _aRU
_bРГБ
_c20140318
_grcr
942 _cBOOK
980 _aNBR